000 00386nam a2200157Ia 4500
005 20240807062150.0
008 240806s9999||||xx |||||||||||||| ||eng||
041 _aeng
082 _a300.72
_bBAJS
100 _aBajapeyi Dr.S.R.
245 0 _aSamajik anusandhan & sarvekshan /
_cBajapeyi Dr.S.R.
260 _bKitab Ghar Kanpur
300 _a449
650 _aSociology
942 _cBK
999 _c10470
_d10470